Les dernieres annees de Chateaubriand 1830-1848
Kaydedildi:
| Yazar: | |
|---|---|
| Materyal Türü: | Kitap |
| Dil: | Fransızca |
| Baskı/Yayın Bilgisi: |
París
Garnier Hermanos
1905
|
| Konular: | |
| Etiketler: |
Etiketle
Etiket eklenmemiş, İlk siz ekleyin!
|
MARC
| LEADER | 00000nam a2200000 a 4500 | ||
|---|---|---|---|
| 001 | UCY9737 | ||
| 003 | CL-VaPUC | ||
| 008 | 950720e19050000FR |||||||||||||||||fre|d | ||
| 082 | 0 | 4 | |a 846 |b BIR |2 21 |
| 100 | 0 | |a Bire, Edmond |e author |9 342282 | |
| 245 | 1 | 4 | |a Les dernieres annees de Chateaubriand 1830-1848 |
| 300 | |a 420 p | ||
| 942 | |c BK | ||
| 945 | |d 19950720 00:00:00 |a rbrito | ||
| 260 | |a París |b Garnier Hermanos |c 1905 | ||
| 600 | 0 | 7 | |a CHATEAUBRIAND, FRANCOIS RENATE |2 CL-VaPUC |9 338716 |
| 650 | 0 | |a Literatura francesa |9 266330 | |
| 650 | 7 | |a CORRESPONDENCIAS |2 CL-VaPUC |9 256500 | |
| 583 | |a last modification |c 19950720 00:00:00 |k Rodrigo Vera | ||
| 999 | |c 236777 |d 236775 | ||
| 952 | |0 0 |1 0 |4 0 |6 846_000000000000000_BIR_1905 |7 0 |8 A |9 245106 |a BIBEDU |b BIBEDU |d 2019-11-18 |i 3103110 |o 846 BIR 1905 |p 3103110 |r 2019-11-18 |w 2019-11-18 |y BK |k LIT | ||